000 00448nam a2200181Ia 4500
001 8061
005 20260306160541.0
008 260306t2010||||xx |||||||||||||| ||spa||
041 _aESP
082 _a370.1
_bG28
100 _aGatti Muriel,Carlos
_eAUT
245 0 _aEl eslabón del día:
_bReflexiones sobre la educación
260 _c2010
300 _a167 páginas :
_c21 cm.
650 _aGEN
654 _aCED
942 _cLIB
_dJUS
_fJUS
_2ddc
_n
999 _c8061
_d8061